[Event "Veteranen Seniorenkampioenschap 2009"]
[Site "Oosterbeek, Netherlands"]
[Date "2009.07.13"]
[Round "3"]
[White "Goossen, Theo"]
[Black "Vogel, Jaap"]
[Result "0-1"]
[WhiteElo "2014"]
[BlackElo "2231"]
[PlyCount "89"]
[EventDate "2009.??.??"]

1. e4 e6 2. d4 d5 3. Nd2 Nf6 4. Bd3 c5 5. e5 Nfd7 6. c3 Nc6 7. Ne2 a5 8. O-O
cxd4 9. cxd4 Nb6 10. f4 g6 11. Nf3 h5 12. Ng5 Ne7 13. Bd2 Bd7 14. a4 Nc4 15.
Bc1 Nf5 16. Rf3 Be7 17. b3 Nb6 18. Bd2 Nc8 19. Rh3 Qb6 20. Nf3 Na7 21. g4 Ng7
22. Rc1 Nc6 23. Bb5 Nb4 24. Nc3 Bxb5 25. Nxb5 Nc6 26. Qe1 Kd7 27. gxh5 Nxh5 28.
Kh1 Ng7 29. Rxh8 Rxh8 30. Ng1 Nf5 31. Nf3 Qd8 32. Kg2 Qf8 33. Qf2 Qh6 34. Rc3
Bb4 35. Rd3 Qh3+ 36. Kg1 Bxd2 37. Qxd2 Qg4+ 38. Kf1 Nh4 39. Nxh4 Rxh4 40. Qf2
Qh5 41. Kg1 Nb4 42. Rg3 Qd1+ 43. Kg2 Nc2 44. Rg5 Ne1+ 45. Kg3 0-1

[Event "Veteranen Seniorenkampioenschap 2009"]
[Site "Oosterbeek, Netherlands"]
[Date "2009.07.13"]
[Round "3"]
[White "Oosten, Arend van"]
[Black "Monte, Peter"]
[Result "1/2-1/2"]
[WhiteElo "2129"]
[BlackElo "2048"]
[PlyCount "46"]
[EventDate "2009.??.??"]

1. e4 {[%emt 0:00:00]} e6 2. d4 d5 3. Nd2 c5 4. exd5 exd5 5. Ngf3 Nf6 6. dxc5
Bxc5 7. Nb3 Bb6 8. Be2 O-O 9. O-O Nc6 10. c3 a5 11. a4 h6 12. Nbd4 Re8 13. h3
Ne4 14. Be3 Ng3 15. Re1 Nxe2+ 16. Rxe2 Bd7 17. Rd2 Re4 18. Qb3 Nxd4 19. Bxd4
Bxd4 20. Rxd4 Bc6 21. Rxe4 dxe4 22. Nd4 Qe8 23. Nxc6 Qxc6 1/2-1/2

[Event "Veteranen Seniorenkampioenschap 2009"]
[Site "Oosterbeek, Netherlands"]
[Date "2009.07.13"]
[Round "3"]
[White "Leeuwen, Etienne van"]
[Black "Caspel, Ruud van"]
[Result "1/2-1/2"]
[WhiteElo "2067"]
[BlackElo "2027"]
[PlyCount "32"]
[EventDate "2009.??.??"]

1. e4 c6 2. d4 d5 3. Nc3 g6 4. h3 Bg7 5. Nf3 Nf6 6. e5 Ne4 7. Nxe4 dxe4 8. Ng5
c5 9. d5 Bxe5 10. Nxe4 O-O 11. c3 b6 12. Bh6 Re8 13. Bb5 Bd7 14. Bxd7 Nxd7 15.
O-O Nf6 16. Nxf6+ Bxf6 1/2-1/2

[Event "Veteranen Seniorenkampioenschap 2009"]
[Site "Oosterbeek, Netherlands"]
[Date "2009.07.13"]
[Round "3"]
[White "Berg, Ad van den"]
[Black "Thieme, Wim"]
[Result "1-0"]
[WhiteElo "2185"]
[BlackElo "1895"]
[PlyCount "45"]
[EventDate "2009.??.??"]

1. e4 e6 2. d4 d5 3. Nc3 Bb4 4. e5 Ne7 5. a3 Bxc3+ 6. bxc3 c5 7. h4 Nbc6 8. h5
h6 9. Qg4 Qa5 10. Bd2 Rg8 11. a4 Qb6 12. Nf3 Qb2 13. Rc1 cxd4 14. cxd4 Nb4 15.
Bb5+ Bd7 16. Bxd7+ Kxd7 17. O-O a5 18. c3 f5 19. exf6 gxf6 20. Qh3 Nbc6 21. Rb1
Qc2 22. Rxb7+ Kd6 23. Bf4+ 1-0

[Event "Veteranen Seniorenkampioenschap 2009"]
[Site "Oosterbeek, Netherlands"]
[Date "2009.07.13"]
[Round "3"]
[White "Etmans, Maarten"]
[Black "Wouters, Jan"]
[Result "1/2-1/2"]
[WhiteElo "2118"]
[BlackElo "1908"]
[PlyCount "54"]
[EventDate "2009.??.??"]

1. e4 c6 2. d4 d5 3. e5 Bf5 4. Nf3 e6 5. a3 a6 6. Bd3 Bxd3 7. Qxd3 c5 8. c4
cxd4 9. cxd5 Qxd5 10. Qxd4 Qxd4 11. Nxd4 Bc5 12. Nf3 Nc6 13. O-O Nge7 14. Nc3
Ng6 15. Re1 Rd8 16. Be3 Bxe3 17. Rxe3 O-O 18. Rae1 Nd4 19. Nxd4 Rxd4 20. g3 Ne7
21. R3e2 Rfd8 22. f4 h5 23. Kf2 Nf5 24. Re4 Kf8 25. Rxd4 Rxd4 26. Re4 Rd2+ 27.
Re2 Rd4 1/2-1/2

[Event "Veteranen Seniorenkampioenschap 2009"]
[Site "Oosterbeek, Netherlands"]
[Date "2009.07.13"]
[Round "3"]
[White "Jonkman, Fokke"]
[Black "Peut, Aart van de"]
[Result "1-0"]
[WhiteElo "2068"]
[BlackElo "1904"]
[PlyCount "55"]
[EventDate "2009.??.??"]

1. c4 e5 2. Nc3 Nc6 3. Nf3 Nf6 4. d4 exd4 5. Nxd4 Bb4 6. Bg5 Bxc3+ 7. bxc3 h6
8. Bh4 Ne5 9. f4 Ng6 10. Bxf6 Qxf6 11. g3 O-O 12. Qd3 d6 13. Bg2 Re8 14. O-O
Nf8 15. Rab1 Nd7 16. e4 Nc5 17. Qc2 Bg4 18. Rbe1 Be6 19. e5 Qe7 20. Nxe6 Qxe6
21. Bd5 Qd7 22. f5 Rxe5 23. Rxe5 dxe5 24. f6 c6 25. Qg6 Ne6 26. Bxe6 fxe6 27.
f7+ Kf8 28. Qh7 1-0

[Event "Veteranen Seniorenkampioenschap 2009"]
[Site "Oosterbeek, Netherlands"]
[Date "2009.07.13"]
[Round "3"]
[White "Haitsma, Anne"]
[Black "Herck, Marcel Van"]
[Result "1-0"]
[WhiteElo "2025"]
[BlackElo "2067"]
[PlyCount "99"]
[EventDate "2009.??.??"]

1. d4 Nf6 2. c4 e6 3. Nc3 Bb4 4. e3 Nc6 5. Nge2 d5 6. a3 Bf8 7. Ng3 g6 8. cxd5
exd5 9. Bd3 Bg7 10. b4 O-O 11. O-O Ne7 12. a4 h5 13. h3 h4 14. Nge2 Bf5 15. Nf4
Bxd3 16. Nxd3 Nf5 17. Ba3 Re8 18. Rc1 Bf8 19. Qb3 a6 20. Ne5 c6 21. Rfd1 Bd6
22. Nf3 Qe7 23. Rb1 b5 24. Na2 Ne4 25. Bc1 f6 26. Qc2 Rec8 27. Bd2 Bb8 28. Nc3
Nxc3 29. Bxc3 Kg7 30. Be1 Qd7 31. e4 dxe4 32. Qxe4 Qd5 33. Qg4 Qd6 34. Bc3 Re8
35. Re1 Bc7 36. a5 Qf4 37. Kf1 Rad8 38. Bd2 Qxg4 39. hxg4 Nh6 40. g5 Nf7 41.
Rbc1 Rxe1+ 42. Bxe1 Rd6 43. gxf6+ Kxf6 44. Nxh4 g5 45. Nf3 g4 46. Nd2 Rxd4 47.
Rxc6+ Bd6 48. Nb3 Rc4 49. Rxa6 Ke5 50. Rb6 1-0

[Event "Veteranen Seniorenkampioenschap 2009"]
[Site "Oosterbeek, Netherlands"]
[Date "2009.07.13"]
[Round "3"]
[White "Mostertman, Loek"]
[Black "Tulfer, Paul"]
[Result "1/2-1/2"]
[WhiteElo "2046"]
[BlackElo "1887"]
[PlyCount "56"]
[EventDate "2009.??.??"]

1. d4 Nf6 2. c4 e6 3. Nc3 Bb4 4. e3 O-O 5. Nge2 d5 6. a3 Be7 7. cxd5 exd5 8. g3
c6 9. Bg2 Bf5 10. O-O Nbd7 11. f3 Re8 12. e4 dxe4 13. fxe4 Bg4 14. e5 Nxe5 15.
dxe5 Bc5+ 16. Kh1 Qxd1 17. Rxd1 Rxe5 18. Bf4 Rxe2 19. Nxe2 Bxe2 20. Rd2 Bg4 21.
b4 Bb6 22. a4 a6 23. a5 Bd8 24. h3 Be6 25. Rad1 Be7 26. Bd6 Kf8 27. Bxe7+ Kxe7
28. Kh2 Nd5 1/2-1/2

[Event "Veteranen Seniorenkampioenschap 2009"]
[Site "Oosterbeek, Netherlands"]
[Date "2009.07.13"]
[Round "3"]
[White "Boer, Jacob de"]
[Black "Calje, Tom"]
[Result "0-1"]
[WhiteElo "1905"]
[BlackElo "1947"]
[PlyCount "34"]
[EventDate "2009.??.??"]

1. d4 Nf6 2. c4 Nc6 3. Nc3 e5 4. d5 Ne7 5. e4 Ng6 6. a3 Bc5 7. g3 d6 8. Bh3
Bxh3 9. Nxh3 Qd7 10. Ng1 Ng4 11. Nh3 f5 12. f3 h6 13. Bd2 Nf6 14. f4 fxe4 15.
fxe5 Nxe5 16. Nf4 Nd3+ 17. Nxd3 exd3 0-1

[Event "Veteranen Seniorenkampioenschap 2009"]
[Site "Oosterbeek, Netherlands"]
[Date "2009.07.13"]
[Round "3"]
[White "Scholten, Karel"]
[Black "Velker, Wim"]
[Result "0-1"]
[WhiteElo "1944"]
[BlackElo "1900"]
[PlyCount "122"]
[EventDate "2009.??.??"]

1. e4 Nc6 2. Nf3 e5 3. Bb5 Nd4 4. Nxd4 exd4 5. Bc4 d6 6. d3 g6 7. O-O Bg7 8. h3
Ne7 9. Bg5 h6 10. Bc1 O-O 11. Nd2 c6 12. Nf3 d5 13. Bb3 Qc7 14. Bd2 a5 15. a4
Be6 16. c3 dxe4 17. dxe4 dxc3 18. bxc3 Bxb3 19. Qxb3 Rad8 20. Rab1 Rd7 21. Be3
Nc8 22. Rfd1 Rfd8 23. Bd4 c5 24. Bxg7 Kxg7 25. Rxd7 Rxd7 26. e5 Qc6 27. Re1 Re7
28. Rb1 Rd7 29. Kh2 Ne7 30. c4 Qe4 31. Re1 Qc6 32. g3 Nf5 33. e6 fxe6 34. Ne5
Nd4 35. Qc3 Qc7 36. Nxd7 Qxd7 37. Re3 Kh7 38. Qb2 Qc6 39. Qc3 Qxa4 40. Qd3 Qc6
41. Qe4 Qxe4 42. Rxe4 Kg7 43. Kg2 Kf6 44. Re1 Nc2 45. Rb1 Ke5 46. Rxb7 a4 47.
Ra7 a3 48. Kf3 Kd4 49. Ke2 Kc3 50. Kd1 Kb2 51. Ra5 Nb4 52. Rxc5 a2 53. Ra5
a1=Q+ 54. Rxa1 Kxa1 55. Kd2 Kb2 56. Ke3 Kc3 57. Ke4 Nc6 58. f4 Kxc4 59. g4 Kc5
60. f5 gxf5+ 61. gxf5 e5 0-1

[Event "Veteranen Seniorenkampioenschap 2009"]
[Site "Oosterbeek, Netherlands"]
[Date "2009.07.13"]
[Round "3"]
[White "Bremer, Bertus"]
[Black "Plijter, Martin"]
[Result "0-1"]
[WhiteElo "1932"]
[BlackElo "1984"]
[PlyCount "92"]
[EventDate "2009.??.??"]

1. e4 e6 2. Nf3 d5 3. e5 c5 4. c3 Nc6 5. d4 Bd7 6. Be2 Qb6 7. O-O cxd4 8. cxd4
Nge7 9. Nc3 Nf5 10. Na4 Qa5 11. Bd2 Bb4 12. Bxb4 Qxb4 13. a3 Qe7 14. Nc3 O-O
15. Qd2 Rac8 16. Qf4 f6 17. Qd2 fxe5 18. dxe5 Be8 19. Rac1 Bh5 20. h3 Bxf3 21.
Bxf3 d4 22. Nb5 Nxe5 23. Rxc8 Nxf3+ 24. gxf3 Rxc8 25. Nxd4 Qd6 26. Nb3 Qxd2 27.
Nxd2 Rc2 28. Ne4 Rxb2 29. Rd1 h6 30. Nc5 Kf7 31. Rd7+ Kf6 32. f4 Nh4 33. Nxb7
Ng6 34. Nc5 Nxf4 35. Kh2 Rxf2+ 36. Kg3 Rf1 37. Rxa7 g5 38. Ra8 Rg1+ 39. Kf3
Nxh3 40. Ne4+ Ke5 41. Ng3 Nf4 42. Ra5+ Nd5 43. Ra8 Rb1 44. Ra5 Rb3+ 45. Kg4 Kf6
46. Ra8 Ne3+ 0-1

[Event "Veteranen Seniorenkampioenschap 2009"]
[Site "Oosterbeek, Netherlands"]
[Date "2009.07.13"]
[Round "3"]
[White "Popta, Hette van"]
[Black "Rooi, Paul de"]
[Result "0-1"]
[WhiteElo "1902"]
[BlackElo "1935"]
[PlyCount "80"]
[EventDate "2009.??.??"]

1. e4 d6 2. f4 g6 3. Nf3 Bg7 4. d4 Nd7 5. Nc3 c6 6. Bc4 e6 7. O-O Ne7 8. Kh1
O-O 9. Bb3 d5 10. Qe1 Qb6 11. e5 Qd8 12. Be3 b6 13. Ne2 Ba6 14. c3 c5 15. g4
Bd3 16. Kg1 f6 17. Qd2 Be4 18. exf6 Nxf6 19. Ng5 Qd6 20. Ng3 Qc6 21. N3xe4 Nxe4
22. Nxe4 dxe4 23. dxc5 Rad8 24. Qf2 Nd5 25. Bxd5 Rxd5 26. cxb6 axb6 27. Rad1 b5
28. Bd4 e5 29. Be3 exf4 30. Rxd5 Qxd5 31. Bd4 e3 32. Qf3 Qxf3 33. Rxf3 Bxd4 34.
cxd4 g5 35. Kg2 Rd8 36. h4 Rxd4 37. Kf1 h6 38. hxg5 hxg5 39. b3 Rd1+ 40. Ke2
Rd2+ 0-1

[Event "Veteranen Seniorenkampioenschap 2009"]
[Site "Oosterbeek, Netherlands"]
[Date "2009.07.13"]
[Round "3"]
[White "Landsbergen, Ron"]
[Black "Wilmink, Jan"]
[Result "1-0"]
[WhiteElo "2002"]
[BlackElo "1973"]
[PlyCount "57"]
[EventDate "2009.??.??"]

1. d4 d5 2. Nf3 Nf6 3. Bf4 e6 4. e3 c5 5. c3 Qb6 6. Qb3 Nbd7 7. Nbd2 Be7 8. h3
O-O 9. Qc2 Nh5 10. Bh2 f5 11. g4 Nhf6 12. gxf5 exf5 13. Qxf5 cxd4 14. exd4 g6
15. Qc2 Ne4 16. Bg2 Ndf6 17. O-O Bf5 18. Nh4 Ng3 19. Nxf5 Nxf5 20. Be5 Rad8 21.
Rfe1 Nh4 22. Bg3 Ne4 23. Nxe4 Nxg2 24. Kxg2 dxe4 25. Qxe4 Bd6 26. Qe6+ Rf7 27.
Re3 Kg7 28. Be5+ Bxe5 29. Qxb6 1-0

[Event "Veteranen Seniorenkampioenschap 2009"]
[Site "Oosterbeek, Netherlands"]
[Date "2009.07.14"]
[Round "4"]
[White "Vogel, Jaap"]
[Black "Oosten, Arend van"]
[Result "1/2-1/2"]
[WhiteElo "2231"]
[BlackElo "2129"]
[PlyCount "43"]
[EventDate "2009.??.??"]

1. d4 {[%emt 0:00:00]} e6 2. Nf3 d5 3. c4 c5 4. cxd5 exd5 5. Nc3 Nc6 6. Bg5 Be7
7. Bxe7 Ngxe7 8. e3 cxd4 9. Nxd4 Qb6 10. Nxc6 bxc6 11. Qd2 O-O 12. Na4 Qc7 13.
Rc1 Rd8 14. Be2 d4 15. O-O dxe3 16. Qxe3 Be6 17. Bc4 Nd5 18. Qc5 Rd6 19. Nc3
Nxc3 20. Rxc3 Bxc4 21. Rxc4 Rad8 22. g3 1/2-1/2

[Event "Veteranen Seniorenkampioenschap 2009"]
[Site "Oosterbeek, Netherlands"]
[Date "2009.07.14"]
[Round "4"]
[White "Caspel, Ruud van"]
[Black "Berg, Ad van den"]
[Result "0-1"]
[WhiteElo "2027"]
[BlackElo "2185"]
[PlyCount "79"]
[EventDate "2009.??.??"]

1. d4 Nf6 2. c4 d6 3. Nc3 e5 4. Bg5 h6 5. dxe5 hxg5 6. exf6 Qxf6 7. g3 c6 8.
Bg2 Nd7 9. Nf3 Ne5 10. Nxe5 dxe5 11. Qd2 Bf5 12. Rd1 Bc5 13. e3 Qe7 14. a3 Bg4
15. Rc1 Rd8 16. Qc2 Qe6 17. b4 Be7 18. c5 f5 19. Qa2 Qxa2 20. Nxa2 Rd3 21. Nc3
e4 22. h3 Bf3 23. O-O Bf6 24. Nb1 Ke7 25. Rfe1 g4 26. Bf1 gxh3 27. Kh2 Rb3 28.
Nd2 Rb2 29. Nxf3 Rxf2+ 30. Kh1 Rxf3 31. b5 Be5 32. bxc6 bxc6 33. Rb1 Rd8 34.
Rb7+ Kf6 35. Rxa7 Bxg3 36. Rc1 Bf2 37. Rc7 Bxe3 38. Rxc6+ Ke5 39. Rb1 Ra8 40.
Rd6 {en zwart won} 0-1

[Event "Veteranen Seniorenkampioenschap 2009"]
[Site "Oosterbeek, Netherlands"]
[Date "2009.07.14"]
[Round "4"]
[White "Calje, Tom"]
[Black "Jonkman, Fokke"]
[Result "1/2-1/2"]
[WhiteElo "1947"]
[BlackElo "2068"]
[PlyCount "43"]
[EventDate "2009.??.??"]

1. d4 c5 2. e3 e6 3. Nf3 b6 4. Bd3 Bb7 5. O-O g6 6. Nbd2 Bg7 7. c3 Nc6 8. dxc5
bxc5 9. e4 Nge7 10. Re1 Qc7 11. Qe2 d6 12. Nc4 e5 13. Be3 O-O 14. Qd2 Rad8 15.
Bh6 f6 16. Bxg7 Kxg7 17. Ne3 d5 18. exd5 Nxd5 19. Nxd5 Rxd5 20. Qe3 Qb6 21. Bc4
Rd6 22. Rad1 1/2-1/2

[Event "Veteranen Seniorenkampioenschap 2009"]
[Site "Oosterbeek, Netherlands"]
[Date "2009.07.14"]
[Round "4"]
[White "Velker, Wim"]
[Black "Leeuwen, Etienne van"]
[Result "1-0"]
[WhiteElo "1900"]
[BlackElo "2067"]
[PlyCount "123"]
[EventDate "2009.??.??"]

1. e4 d5 2. Nc3 d4 3. Nce2 c5 4. Ng3 Nc6 5. Nf3 a6 6. a4 e6 7. Bc4 Bd6 8. O-O
Nge7 9. d3 O-O 10. c3 Ng6 11. cxd4 cxd4 12. Ne2 Bc7 13. Ba2 Qd6 14. b4 Nh4 15.
Ng3 Nxf3+ 16. Qxf3 Nxb4 17. Bb1 a5 18. Qh5 f5 19. f4 Bd7 20. Ba2 Kh8 21. Bc4
Qe7 22. Bd2 Bd6 23. Rae1 Qe8 24. Qf3 Qg6 25. Bb3 Bc5 26. Rc1 Rac8 27. exf5 exf5
28. Bxb4 Bxb4 29. Rxc8 Rxc8 30. Qd5 Qc6 31. Qf7 Rf8 32. Qh5 g6 33. Qd1 Be6 34.
h4 Bxb3 35. Qxb3 Qf6 36. Qd5 b6 37. h5 Rd8 38. Qb7 Qd6 39. hxg6 Rd7 40. Qa8+
Rd8 41. g7+ Kxg7 42. Nxf5+ Kf6 43. Nxd6 Rxa8 44. Nc4 Rb8 45. Kf2 b5 46. axb5
Rxb5 47. Rh1 Kg7 48. g4 Bc3 49. Kf3 a4 50. Rh2 Rb1 51. Ra2 Ra1 52. Re2 a3 53.
Re7+ Kf6 54. Ra7 Rf1+ 55. Ke4 Re1+ 56. Kd5 Rd1 57. Rxa3 Rxd3 58. Ne5 Re3 59.
Ra7 Rxe5+ 60. fxe5+ Kg5 61. Kc4 Be1 62. Rxh7 1-0

[Event "Veteranen Seniorenkampioenschap 2009"]
[Site "Oosterbeek, Netherlands"]
[Date "2009.07.14"]
[Round "4"]
[White "Monte, Peter"]
[Black "Haitsma, Anne"]
[Result "1-0"]
[WhiteElo "2048"]
[BlackElo "2025"]
[PlyCount "76"]
[EventDate "2009.??.??"]

1. e4 e5 2. f4 exf4 3. Nf3 d5 4. exd5 Nf6 5. Nc3 Nxd5 6. Nxd5 Qxd5 7. d4 Be7 8.
Be2 O-O 9. Bxf4 c5 10. O-O cxd4 11. Ne5 d3 12. Bxd3 Qc5+ 13. Kh1 Nc6 14. Qe2
Be6 15. c3 Nxe5 16. Bxe5 Rfd8 17. b4 Qb6 18. Bd4 Qc7 19. Rae1 Bf8 20. Qe4 g6
21. Qh4 Be7 22. Qf2 Qd7 23. Qe3 Qd5 24. a3 Qg5 25. Qf2 Rf8 26. Re5 Qh6 27. Qe2
Bd6 28. g3 Rae8 29. Kg1 Bg4 30. Rxe8 Bxe2 31. Rxe2 Qh5 32. Rf6 Bb8 33. Ref2
Qd1+ 34. Bf1 Bc7 35. Kg2 Bd8 36. Rxf7 Be7 37. Bc4 Rxf7 38. Rxf7 Qe2+ 1-0

[Event "Veteranen Seniorenkampioenschap 2009"]
[Site "Oosterbeek, Netherlands"]
[Date "2009.07.14"]
[Round "4"]
[White "Etmans, Maarten"]
[Black "Goossen, Theo"]
[Result "1-0"]
[WhiteElo "2118"]
[BlackElo "2014"]
[PlyCount "109"]
[EventDate "2009.??.??"]

1. e4 c5 2. Nf3 a6 3. g3 d6 4. Bg2 Nc6 5. O-O Bg4 6. h3 Bd7 7. c3 Qc8 8. Kh2
Nf6 9. Qe2 e5 10. d4 Be7 11. dxc5 dxc5 12. Bg5 Qc7 13. Nbd2 h6 14. Bxf6 Bxf6
15. Nc4 b5 16. Ne3 g6 17. Nd5 Qd8 18. Rfd1 Bg7 19. Rd2 O-O 20. Qe3 Nd4 21. cxd4
exd4 22. Qf4 Be6 23. Nc7 Rc8 24. Nxe6 fxe6 25. Qg4 Qf6 26. e5 Qf5 27. Nh4 Qxg4
28. hxg4 g5 29. Ng6 Rfe8 30. Rc1 Kf7 31. Be4 Red8 32. f4 c4 33. f5 Rc5 34. f6
Bf8 35. Rcd1 d3 36. Rc1 Rd4 37. Nxf8 Rxe5 38. Bg6+ Kxf8 39. Kh3 Re3 40. b3 Rf3
41. f7 Kg7 42. Bh5 e5 43. Kg2 e4 44. bxc4 Rxc4 45. Rf1 Rc2 46. Rxc2 dxc2 47.
Rc1 Rc3 48. Bg6 Rc4 49. Kf2 a5 50. Ke3 b4 51. Bxe4 Rc3+ 52. Bd3 b3 53. axb3
Rxb3 54. Rxc2 Kxf7 55. Rc7+ 1-0

[Event "Veteranen Seniorenkampioenschap 2009"]
[Site "Oosterbeek, Netherlands"]
[Date "2009.07.14"]
[Round "4"]
[White "Wouters, Jan"]
[Black "Mostertman, Loek"]
[Result "1-0"]
[WhiteElo "1908"]
[BlackElo "2046"]
[PlyCount "63"]
[EventDate "2009.??.??"]

1. e4 e5 2. Bc4 Nf6 3. d3 c6 4. Nf3 d5 5. Bb3 Bd6 6. Nc3 Be6 7. Bg5 Qa5 8. O-O
Nbd7 9. Re1 O-O-O 10. exd5 cxd5 11. a3 Bb8 12. h3 Rde8 13. Bd2 Qd8 14. a4 h6
15. a5 g5 16. a6 b6 17. Ba4 Reg8 18. Bc6 Qf8 19. Nb5 g4 20. Bb7+ Kd8 21. Nxe5
Nxe5 22. Rxe5 Bxe5 23. Nxa7 Kc7 24. Qe1 Ne4 25. dxe4 d4 26. Ba5 Bc4 27. Ra4 Qc5
28. Bb4 Bb5 29. Bxc5 Bxa4 30. Qb4 bxc5 31. Qxc5+ Kb8 32. Qxe5+ 1-0

[Event "Veteranen Seniorenkampioenschap 2009"]
[Site "Oosterbeek, Netherlands"]
[Date "2009.07.14"]
[Round "4"]
[White "Plijter, Martin"]
[Black "Thieme, Wim"]
[Result "1/2-1/2"]
[WhiteElo "1984"]
[BlackElo "1895"]
[PlyCount "88"]
[EventDate "2009.??.??"]

1. e4 e6 2. d4 d5 3. Nc3 Bb4 4. e5 Ne7 5. Qg4 Nf5 6. Nf3 c5 7. Bb5+ Bd7 8. O-O
h5 9. Qf4 Bxb5 10. Nxb5 a6 11. dxc5 Bxc5 12. Nc3 Nc6 13. Be3 Bxe3 14. fxe3 Nce7
15. Nh4 Qb6 16. Nxf5 exf5 17. Rad1 Qe6 18. Qa4+ Qc6 19. Qd4 Rd8 20. e4 fxe4 21.
Nxe4 O-O 22. Ng3 Qxc2 23. Nxh5 Qe4 24. Rf4 Qxd4+ 25. Rfxd4 Rfe8 26. Nf4 Nc6 27.
Rxd5 Rxd5 28. Rxd5 Rxe5 29. Rd7 Re7 30. Rxe7 Nxe7 31. Kf2 Kf8 32. Ke3 Nc6 33.
Nd5 Ke8 34. Ke4 Kd7 35. h4 Ke6 36. g4 g6 37. Nf4+ Kf6 38. g5+ Ke7 39. Nd5+ Ke6
40. a3 Nd8 41. b4 Nc6 42. a4 Na7 43. Kd4 Kd6 44. Ke4 Ke6 1/2-1/2

[Event "Veteranen Seniorenkampioenschap 2009"]
[Site "Oosterbeek, Netherlands"]
[Date "2009.07.14"]
[Round "4"]
[White "Rooi, Paul de"]
[Black "Tulfer, Paul"]
[Result "1/2-1/2"]
[WhiteElo "1935"]
[BlackElo "1887"]
[PlyCount "72"]
[EventDate "2009.??.??"]

1. e4 c5 2. Nf3 d6 3. Bb5+ Bd7 4. Bxd7+ Qxd7 5. d4 cxd4 6. Nxd4 Nf6 7. Nc3 g6
8. O-O Bg7 9. f3 Nc6 10. Nb3 O-O 11. Be3 Rfc8 12. Qe2 Ne5 13. Rad1 b6 14. Rf2
Nc4 15. Bc1 Qb7 16. Nd2 b5 17. Nxc4 Rxc4 18. Be3 Rac8 19. Rd4 Rxd4 20. Bxd4 b4
21. Nb1 a5 22. Qd3 Qc6 23. c3 e5 24. Be3 d5 25. exd5 Nxd5 26. Bd2 Nf4 27. Qf1
Rd8 28. Be3 h5 29. g3 Ne6 30. Rd2 Rxd2 31. Bxd2 e4 32. Kg2 g5 33. Qe2 bxc3 34.
Bxc3 exf3+ 35. Qxf3 Qxf3+ 36. Kxf3 Bxc3 1/2-1/2

[Event "Veteranen Seniorenkampioenschap 2009"]
[Site "Oosterbeek, Netherlands"]
[Date "2009.07.14"]
[Round "4"]
[White "Herck, Marcel Van"]
[Black "Landsbergen, Ron"]
[Result "1-0"]
[WhiteElo "2067"]
[BlackElo "2002"]
[PlyCount "59"]
[EventDate "2009.??.??"]

1. e4 c5 2. Nf3 e6 3. d4 cxd4 4. Nxd4 Nf6 5. Bd3 Nc6 6. Nxc6 dxc6 7. O-O e5 8.
Nd2 Bc5 9. Nc4 Qc7 10. Bd2 Be6 11. b4 Be7 12. Qe2 O-O 13. Bc3 Nd7 14. Qh5 f6
15. a3 Rfd8 16. Rfd1 Nf8 17. Ne3 g6 18. Qe2 b5 19. Bb2 a5 20. bxa5 Rxa5 21. c4
Rda8 22. cxb5 Bxa3 23. Bxa3 Rxa3 24. Rxa3 Rxa3 25. Qc2 c5 26. Rc1 Qd6 27. Bf1
Nd7 28. Rd1 Qc7 29. Bc4 Qb6 30. Rxd7 1-0

[Event "Veteranen Seniorenkampioenschap 2009"]
[Site "Oosterbeek, Netherlands"]
[Date "2009.07.14"]
[Round "4"]
[White "Peut, Aart van de"]
[Black "Boer, Jacob de"]
[Result "1/2-1/2"]
[WhiteElo "1904"]
[BlackElo "1905"]
[PlyCount "101"]
[EventDate "2009.??.??"]

1. e4 {[%emt 0:00:00]} e6 {[%emt 0:00:00]} 2. d4 d5 3. Nc3 Bb4 4. e5 b6 5. a3
Bf8 6. f4 Nh6 7. Nf3 Qd7 8. Be3 Be7 9. h3 Nf5 10. Bf2 h5 11. Bd3 Ba6 12. Bxa6
Nxa6 13. Qd3 Nb8 14. O-O-O h4 15. Ne2 Qa4 16. g4 hxg3 17. Nxg3 Nxg3 18. Bxg3 c5
19. f5 c4 20. Qe3 Nc6 21. fxe6 fxe6 22. Be1 O-O-O 23. Ng5 Bxg5 24. Qxg5 Rd7 25.
Bc3 b5 26. Rdf1 a5 27. Kd2 b4 28. axb4 Nxb4 29. Bxb4 Qxb4+ 30. Ke2 Qxb2 31. Qd2
Ra7 32. Rb1 Qa3 33. h4 Rb7 34. Ra1 Qb4 35. c3 Qb2 36. Rxa5 Qxd2+ 37. Kxd2 Rb2+
38. Kc1 Rb3 39. Ra8+ Rb8 40. Ra6 Rh6 41. Rg1 Kb7 42. Rd6 Rg8 43. Rd7+ Kc6 44.
Rgxg7 Rxg7 45. Rxg7 Rxh4 46. Ra7 Rh6 47. Kd2 Rg6 48. Ke2 Kb5 49. Rb7+ Ka4 50.
Rb6 Ka3 51. Kd2 1/2-1/2

[Event "Veteranen Seniorenkampioenschap 2009"]
[Site "Oosterbeek, Netherlands"]
[Date "2009.07.14"]
[Round "4"]
[White "Bremer, Bertus"]
[Black "Scholten, Karel"]
[Result "0-1"]
[WhiteElo "1932"]
[BlackElo "1944"]
[PlyCount "70"]
[EventDate "2009.??.??"]

1. d4 Nf6 2. c4 c5 3. e3 g6 4. Nc3 b6 5. Nf3 Bb7 6. d5 Bg7 7. Qc2 O-O 8. e4 d6
9. h3 e5 10. Be3 a6 11. Be2 Bc8 12. g4 Qc7 13. Nh4 Bd7 14. Qd2 b5 15. g5 b4 16.
Nd1 Ne8 17. Bg4 f5 18. gxf6 Nxf6 19. f3 Qd8 20. Bxd7 Nbxd7 21. Bg5 Qe8 22. Nf2
Nh5 23. Nd3 Nb6 24. b3 Nf4 25. O-O-O h6 26. Bxf4 exf4 27. Rhg1 g5 28. Nf5 Rxf5
29. exf5 Qf7 30. Nxf4 gxf4 31. Rg6 Qxf5 32. Rdg1 Ra7 33. Qg2 Qe5 34. Qc2 Re7
35. Rxh6 Qe3+ 0-1

[Event "Veteranen Seniorenkampioenschap 2009"]
[Site "Oosterbeek, Netherlands"]
[Date "2009.07.14"]
[Round "4"]
[White "Wilmink, Jan"]
[Black "Popta, Hette van"]
[Result "1/2-1/2"]
[WhiteElo "1973"]
[BlackElo "1902"]
[PlyCount "50"]
[EventDate "2009.??.??"]

1. d4 Nf6 2. c4 d6 3. Nc3 e5 4. Nf3 Nbd7 5. g3 g6 6. Bg2 Bg7 7. O-O O-O 8. Qd2
c6 9. b3 Re8 10. Ba3 Bf8 11. Rad1 Qa5 12. Bb2 Qc7 13. Ng5 h6 14. dxe5 dxe5 15.
Nge4 Re6 16. Bh3 Nxe4 17. Nxe4 f5 18. f4 Nc5 19. Nc3 Rd6 20. Qc1 Rxd1 21. Qxd1
Be6 22. Qc2 Bg7 23. e4 fxe4 24. Bxe6+ Nxe6 25. Qxe4 Nf8 1/2-1/2

[Event "Veteranen Seniorenkampioenschap 2009"]
[Site "Oosterbeek, Netherlands"]
[Date "2009.07.15"]
[Round "5"]
[White "Monte, Peter"]
[Black "Vogel, Jaap"]
[Result "1/2-1/2"]
[WhiteElo "2048"]
[BlackElo "2231"]
[PlyCount "73"]
[EventDate "2009.??.??"]

1. f4 d5 2. Nf3 g6 3. e3 Bg7 4. Be2 Nf6 5. O-O Bg4 6. Ne5 Bxe2 7. Qxe2 c6 8. d3
Nbd7 9. Nxd7 Qxd7 10. Nc3 Qc7 11. e4 d4 12. Nd1 Nd7 13. b3 a5 14. a4 Nc5 15.
Nb2 b5 16. Bd2 O-O 17. f5 Nd7 18. Qe1 e6 19. fxe6 fxe6 20. Rxf8+ Nxf8 21. Qh4
Re8 22. Rf1 Nd7 23. Rf3 Ne5 24. Rh3 h5 25. Qe1 Qf7 26. Bxa5 Bh6 27. axb5 cxb5
28. Nd1 g5 29. Bb6 g4 30. Bxd4 gxh3 31. Bxe5 Kh7 32. Qf2 Qg6 33. g3 Rf8 34.
Qa7+ Rf7 35. Qb8 Rf8 36. Qc7+ Rf7 37. Qd8 1/2-1/2

[Event "Veteranen Seniorenkampioenschap 2009"]
[Site "Oosterbeek, Netherlands"]
[Date "2009.07.15"]
[Round "5"]
[White "Oosten, Arend van"]
[Black "Wouters, Jan"]
[Result "1-0"]
[WhiteElo "2129"]
[BlackElo "1908"]
[PlyCount "93"]
[EventDate "2009.??.??"]

1. e4 c6 2. d4 d5 3. exd5 cxd5 4. Bd3 Nc6 5. c3 g6 6. Nf3 Nh6 7. Bf4 Bg7 8. Qd2
Nf5 9. Na3 a6 10. O-O O-O 11. Rae1 Nd6 12. Bh6 Bf5 13. Bxg7 Kxg7 14. Bxf5 Nxf5
15. Nc2 e6 16. Ne3 Nh4 17. Ne5 Qg5 18. f4 Qe7 19. Nxd5 exd5 20. Nxc6 Qc7 21.
Ne7 Qd7 22. Qf2 Nf5 23. Nxf5+ Qxf5 24. Re5 Qd7 25. Rfe1 Rae8 26. Qe3 Rxe5 27.
Qxe5+ f6 28. Qe6 Rf7 29. Qxd7 Rxd7 30. Re6 Kf7 31. Rb6 Ke7 32. g4 Kf7 33. Kf2
h5 34. gxh5 gxh5 35. f5 Kg7 36. Kg3 Re7 37. Re6 Rf7 38. Rd6 Kh6 39. Kf4 h4 40.
h3 Kh5 41. Rxd5 Re7 42. Rd8 Kh6 43. Rd6 Re2 44. Rxf6+ Kh5 45. Rf8 Rf2+ 46. Ke5
Rxb2 47. d5 1-0